Inventarizácia Odporúčaný postup pri vykonávaní inventarizácie
Gespeichert in:
| 1. Verfasser: | |
|---|---|
| Format: | Buch |
| Sprache: | Slowakisch |
| Veröffentlicht: |
Bratislava
Eurounion
1995
|
| Ausgabe: | 2. aktual. a dopl. vyd. |
| Schlagworte: | |
| Tags: |
Keine Tags, Fügen Sie das erste Tag hinzu!
|
MARC
| LEADER | 00000nam a2200000 4500 | ||
|---|---|---|---|
| 001 | c011983 | ||
| 005 | 20230117084049.7 | ||
| 020 | |a 80-85568-42-X | ||
| 041 | 0 | |a slo | |
| 044 | |a SK | ||
| 245 | 1 | 0 | |a Inventarizácia |b Odporúčaný postup pri vykonávaní inventarizácie |c Viktor Valla |
| 250 | |a 2. aktual. a dopl. vyd. | ||
| 264 | 1 | |a Bratislava |b Eurounion |c 1995 | |
| 300 | |a 86 s. | ||
| 610 | 2 | 0 | |a inventarizácia |
| 610 | 2 | 0 | |a zodpovednosť hmotná |
| 610 | 2 | 0 | |a metodika |
| 610 | 2 | 0 | |a predpisy právne |
| 610 | 2 | 0 | |a zákony |
| 610 | 2 | 0 | |a manká |
| 610 | 2 | 0 | |a súpisy inventúrne |
| 610 | 2 | 0 | |a pojmy |
| 610 | 2 | 0 | |a Slovensko |
| 100 | 1 | |a Valla, Viktor | |